00956cam a22002531 450000100060000000300080000600500170001400800410003103500190007203500180009104000370010904100080014608200230015410000380017724500220021526000470023730000250028465000300030965100440033994200120038399900170039595201440041295201460055626381BD-RjUL20211209051017.0140322s1950 nyuh 000 0 eng d a(BD-RjUL)26451 a(OCoLC)321848 aDLCcOKentUdOCoLCdBD-RjULbeng aeng a923.747bKRI 19501 aKravchenko, Viktor d1905-98111610aI chose justice / aNew York :bCharles Scribners Sons,c1950. a[6] 458 p. :c22 cm. 0aRefugees, Russian.981117 0aSoviet UnionxSocial conditions.924645 2ddccBK c26381d26381 00102ddc40708NFICaRUCLbRUCLcStackd1958-02-12eU.S.I.S. Daccag0.00l0o923.747 KRI 1950r2014-03-22 00:00:00tC-2w2014-03-22yBK 00102ddc40728NFICaRUCLbRUCLcReadingd1958-02-18eU.S.I.S. Daccag0.00l0o923.747 KRI 1950r2014-03-31 00:00:00tC-1w2014-03-31yBK